[Event "Dvorkovich Memorial op"]
[Site "Taganrog"]
[Date "2018.01.22"]
[Round "8"]
[White "Potemkin, Evgeny"]
[Black "Dida, Igor"]
[Result "0-1"]
[WhiteElo "1765"]
[BlackElo "1859"]
[PlyCount "104"]
[EventDate "2018.01.15"]
[EventType "swiss"]
[EventRounds "9"]
[EventCountry "RUS"]
[SourceTitle "CBM 182 Extra"]
[Source "ChessBase"]
[SourceDate "2018.02.23"]
[SourceVersion "1"]
[SourceVersionDate "2018.02.23"]
[SourceQuality "1"]

1. d4 Nf6 2. Nf3 b6 3. Bf4 Bb7 4. e3 Nh5 5. Bg5 g6 6. Be2 Bg7 7. c3 0-0 8. Nbd2 c5 9. 0-0 Nf6 10. h3 d6 11. Bd3 Nbd7 12. Qc2 d5 13. Be2 c4 14. Ne5 Ne8 15. Nxd7 Qxd7 16. e4 e5 17. dxe5 Bxe5 18. f4 Bg7 19. Bg4 f5 20. exf5 gxf5 21. Bf3 Nd6 22. Rad1 Rae8 23. Rfe1 b5 24. Bh5 Rxe1+ 25. Rxe1 Ne4 26. Nxe4 fxe4 27. Rd1 Qc7 28. g3 a5 29. a3 b4 30. Be2 Qc5+ 31. Kh2 Qf2+ 32. Kh1 e3 33. Rd4 b3 34. Qd1 Qxg3 35. Bg4 Re8 36. f5 e2 37. Bxe2 Qxh3+ 38. Kg1 Qg3+ 39. Kh1 Qxg5 40. Rg4 Qe3 41. Bf3 Qe1+ 42. Qxe1 Rxe1+ 43. Kg2 Kf7 44. Rh4 Rb1 45. Rxh7 Rxb2+ 46. Kg3 Rd2 47. Kf4 Kf6 48. Rh1 Rc2 49. Re1 Bc8 50. Rd1 Bxf5 51. Rxd5 Bh6+ 52. Kg3 Rxc3 0-1

[Event "Dvorkovich Memorial op"]
[Site "Taganrog"]
[Date "2018.01.21"]
[Round "7"]
[White "Getman, Tatyana"]
[Black "Potemkin, Evgeny"]
[Result "1-0"]
[WhiteElo "2106"]
[BlackElo "1765"]
[PlyCount "69"]
[EventDate "2018.01.15"]
[EventType "swiss"]
[EventRounds "9"]
[EventCountry "RUS"]
[SourceTitle "CBM 182 Extra"]
[Source "ChessBase"]
[SourceDate "2018.02.23"]
[SourceVersion "1"]
[SourceVersionDate "2018.02.23"]
[SourceQuality "1"]

1. d4 Nf6 2. c4 g6 3. Nc3 Bg7 4. e4 d6 5. Nf3 0-0 6. h3 a5 7. Be2 Na6 8. Be3 c5 9. d5 Nd7 10. Qd2 Re8 11. 0-0 Ne5 12. Nh2 f5 13. f4 Nf7 14. exf5 Bxf5 15. Bf2 Nb4 16. Nb5 a4 17. a3 Na6 18. Bg4 Nh6 19. Bxf5 Nxf5 20. Nf3 Bf6 21. g4 Nd4 22. Nbxd4 cxd4 23. Bxd4 Bxd4+ 24. Qxd4 Nc5 25. Rae1 h6 26. g5 h5 27. f5 Qd7 28. Re6 Nxe6 29. fxe6 Qc7 30. Qe4 Qb6+ 31. Rf2 Kh7 32. Nh4 Rg8 33. Kf1 Qb3 34. Rf7+ Kh8 35. Qd4+ 1-0

[Event "Sochi Doroshkevich Amateur op"]
[Site "Sochi"]
[Date "2017.12.27"]
[Round "8"]
[White "Potemkin, Evgeny"]
[Black "Chan, Naruna"]
[Result "1-0"]
[WhiteElo "1764"]
[BlackElo "1993"]
[PlyCount "27"]
[EventDate "2017.12.21"]
[EventType "swiss"]
[EventRounds "9"]
[EventCountry "RUS"]
[SourceTitle "CBM 182 Extra"]
[Source "ChessBase"]
[SourceDate "2018.02.23"]
[SourceVersion "1"]
[SourceVersionDate "2018.02.23"]
[SourceQuality "1"]

1. d4 f5 2. Bf4 d6 3. Nf3 Nf6 4. e3 g6 5. Nbd2 Bg7 6. c3 0-0 7. Bc4+ d5 8. Bb3 c6 9. Ne5 Nbd7 10. Ndf3 Nxe5 11. Bxe5 Be6 12. Qc2 Ng4 13. Bxg7 Kxg7 14. Ng5 1-0

[Event "Sochi Doroshkevich Amateur op"]
[Site "Sochi"]
[Date "2017.12.26"]
[Round "7"]
[White "Alikhanyan, Zorik"]
[Black "Potemkin, Evgeny"]
[Result "0-1"]
[WhiteElo "1418"]
[BlackElo "1764"]
[PlyCount "54"]
[EventDate "2017.12.21"]
[EventType "swiss"]
[EventRounds "9"]
[EventCountry "RUS"]
[SourceTitle "CBM 182 Extra"]
[Source "ChessBase"]
[SourceDate "2018.02.23"]
[SourceVersion "1"]
[SourceVersionDate "2018.02.23"]
[SourceQuality "1"]

1. e4 c5 2. Nf3 Nc6 3. d4 cxd4 4. Nxd4 g6 5. Nxc6 bxc6 6. Bc4 Bg7 7. 0-0 d6 8. f4 Qb6+ 9. Kh1 Bxb2 10. Bxb2 Qxb2 11. Nd2 Nf6 12. e5 dxe5 13. fxe5 Qxe5 14. Nf3 Qc5 15. Bd3 0-0 16. Re1 Ng4 17. Re2 Nf2+ 18. Rxf2 Qxf2 19. h4 Bg4 20. Qc1 Bxf3 21. gxf3 Qxf3+ 22. Kg1 Qg3+ 23. Kf1 Rad8 24. Qh6 Rxd3 25. cxd3 Qxd3+ 26. Kg2 Qe4+ 27. Kf1 Rd8 0-1

[Event "Sochi Doroshkevich Amateur op"]
[Site "Sochi"]
[Date "2017.12.25"]
[Round "5"]
[White "Gorobets, Sergey"]
[Black "Potemkin, Evgeny"]
[Result "1-0"]
[WhiteElo "1971"]
[BlackElo "1764"]
[PlyCount "71"]
[EventDate "2017.12.21"]
[EventType "swiss"]
[EventRounds "9"]
[EventCountry "RUS"]
[SourceTitle "CBM 182 Extra"]
[Source "ChessBase"]
[SourceDate "2018.02.23"]
[SourceVersion "1"]
[SourceVersionDate "2018.02.23"]
[SourceQuality "1"]

1. d4 Nf6 2. Bg5 g6 3. Bxf6 exf6 4. e3 Bg7 5. g3 d6 6. Bg2 0-0 7. c4 f5 8. Nc3 Nd7 9. Nge2 Nf6 10. h4 Rb8 11. Qd3 Re8 12. 0-0 c6 13. Rfd1 Qe7 14. b4 Ne4 15. c5 d5 16. b5 Be6 17. Rab1 h6 18. Rb3 g5 19. hxg5 hxg5 20. Rdb1 Bd7 21. Bh3 Nxc3 22. Rxc3 g4 23. Bg2 Bh6 24. Rcb3 Qe6 25. a4 Kg7 26. a5 cxb5 27. Nc3 Bc6 28. Nxb5 Bxb5 29. Rxb5 Re7 30. Qb3 Bxe3 31. Qxe3 Qxe3 32. fxe3 Rxe3 33. Rxb7 Rxb7 34. Rxb7 Rxg3 35. Kf2 Ra3 36. Bxd5 1-0

[Event "Sochi Doroshkevich Amateur op"]
[Site "Sochi"]
[Date "2017.12.23"]
[Round "3"]
[White "Kondenko, Alexey"]
[Black "Potemkin, Evgeny"]
[Result "1-0"]
[WhiteElo "2048"]
[BlackElo "1764"]
[PlyCount "67"]
[EventDate "2017.12.21"]
[EventType "swiss"]
[EventRounds "9"]
[EventCountry "RUS"]
[SourceTitle "CBM 182 Extra"]
[Source "ChessBase"]
[SourceDate "2018.02.23"]
[SourceVersion "1"]
[SourceVersionDate "2018.02.23"]
[SourceQuality "1"]

1. c4 Nf6 2. Nc3 g6 3. e4 d6 4. d4 Bg7 5. h3 0-0 6. Be3 Bd7 7. Be2 e5 8. d5 a5 9. g4 Ne8 10. Nf3 f6 11. Nd2 c5 12. Nf1 Na6 13. Ng3 Bh8 14. h4 Ng7 15. h5 Ne8 16. hxg6 hxg6 17. Qd2 g5 18. 0-0-0 Rf7 19. Nf5 Bxf5 20. gxf5 Nac7 21. Bh5 Rg7 22. Qe2 Rh7 23. Bg6 Rxh1 24. Rxh1 Bg7 25. Rh7 Kf8 26. Qh5 Qd7 27. a4 Kg8 28. Kd2 b6 29. b3 Rd8 30. Qg4 Qe7 31. Qh3 Qd7 32. Ne2 Na6 33. Ng3 Qc8 34. Rh8+ 1-0

[Event "Dvorkovich Memorial op"]
[Site "Taganrog"]
[Date "2017.01.18"]
[Round "6"]
[White "Potemkin, Evgeny"]
[Black "Shamugia, Panteley"]
[Result "1-0"]
[WhiteElo "1776"]
[BlackElo "1834"]
[PlyCount "100"]
[EventDate "2017.01.13"]
[EventType "swiss"]
[EventRounds "9"]
[EventCountry "RUS"]
[SourceTitle "CBM 176 Extra"]
[Source "ChessBase"]
[SourceDate "2017.03.02"]
[SourceVersion "1"]
[SourceVersionDate "2017.03.02"]
[SourceQuality "1"]

1. d4 Nf6 2. c4 e5 3. d5 Bc5 4. e3 d6 5. h3 Bf5 6. Nc3 a6 7. Nge2 0-0 8. Ng3 Bg6 9. Bd3 Qc8 10. 0-0 Bxd3 11. Qxd3 Re8 12. Nce4 Nxe4 13. Qxe4 g6 14. Bd2 f5 15. Qh4 Qd8 16. Qh6 Qe7 17. Bc3 Nd7 18. a4 a5 19. h4 Qf7 20. h5 Qg7 21. Qg5 Qf6 22. Qxf6 Nxf6 23. hxg6 hxg6 24. Rfe1 Ng4 25. Nh1 Kf7 26. Kf1 Rh8 27. Ke2 Rh2 28. Kf3 Bb4 29. Kg3 Rah8 30. Bxb4 axb4 31. a5 R2h6 32. Kf3 e4+ 33. Ke2 Ne5 34. b3 Nd3 35. Rg1 Ra8 36. Ng3 Nc5 37. Rgb1 Ra6 38. f3 Rh2 39. Kf2 Ra8 40. fxe4 fxe4 41. Ne2 Rhh8 42. Nd4 Ke7 43. Nc2 Nd3+ 44. Kg3 Ra6 45. Ra4 Rha8 46. Nxb4 Nxb4 47. Rxb4 Rxa5 48. Rxb7 Kd7 49. Rf1 Kc8 50. Rb4 Kd7 1-0

[Event "Dvorkovich Memorial op"]
[Site "Taganrog"]
[Date "2016.01.24"]
[Round "7.30"]
[White "Gevorgyan, David"]
[Black "Potemkin, Evgeny"]
[Result "1-0"]
[WhiteElo "2356"]
[BlackElo "1814"]
[PlyCount "90"]
[EventDate "2016.01.18"]
[EventType "swiss"]
[EventRounds "9"]
[EventCountry "RUS"]
[SourceTitle "EXT 2018"]
[Source "ChessBase"]
[SourceDate "2017.10.13"]
[SourceVersion "1"]
[SourceVersionDate "2017.10.13"]
[SourceQuality "1"]

1. d4 d5 2. c4 e6 3. Nc3 Be7 4. Nf3 Nf6 5. Bg5 0-0 6. e3 Nbd7 7. Qc2 Re8 8. Rc1 c6 9. Bd3 dxc4 10. Bxc4 Nd5 11. Bxe7 Qxe7 12. Nxd5 exd5 13. Bd3 Qb4+ 14. Qd2 Qxd2+ 15. Nxd2 Nf8 16. b4 a6 17. Nb3 Ne6 18. Kd2 Ng5 19. f3 f5 20. Nc5 g6 21. Be2 Nf7 22. h4 Nd6 23. Nb3 Re7 24. Bd3 Bd7 25. g3 Rae8 26. Rhe1 b5 27. Rc3 Nc4+ 28. Bxc4 dxc4 29. Nc5 Bc8 30. a4 Rd8 31. Ra1 Ra7 32. Rca3 Rd6 33. Kc3 Re7 34. Re1 Kf7 35. Ra2 h6 36. axb5 cxb5 37. e4 fxe4 38. fxe4 Rf6 39. Rae2 Ke8 40. d5 Re5 41. Kd4 Rh5 42. e5 Rf3 43. Re3 Rff5 44. e6 Rf2 45. Ne4 Rb2 1-0

[Event "Dvorkovich Memorial op"]
[Site "Taganrog"]
[Date "2014.01.19"]
[Round "2"]
[White "Potemkin, Evgeny"]
[Black "Kostrikina, Anna"]
[Result "0-1"]
[WhiteElo "1841"]
[BlackElo "2141"]
[PlyCount "112"]
[EventDate "2014.01.18"]
[EventType "swiss"]
[EventRounds "9"]
[EventCountry "RUS"]
[SourceTitle "CBM 158 Extra"]
[Source "ChessBase"]
[SourceDate "2014.02.28"]
[SourceVersion "1"]
[SourceVersionDate "2014.02.28"]
[SourceQuality "1"]

1. e4 c5 2. g3 Nc6 3. c3 d5 4. Bg2 Nf6 5. exd5 Nxd5 6. Nf3 e6 7. 0-0 Be7 8. d4 0-0 9. Ne5 cxd4 10. Nxc6 bxc6 11. Qxd4 Bf6 12. Qa4 Qb6 13. Nd2 Ba6 14. Re1 Bd3 15. Nc4 Qc5 16. Ne3 Rab8 17. Ng4 Be7 18. Ne5 Bb5 19. Qc2 Rbd8 20. a4 Ba6 21. Bd2 f6 22. Nf3 e5 23. Rac1 Rfe8 24. b4 Qb6 25. Nh4 Bf8 26. Be4 h6 27. Bh7+ Kh8 28. Bg6 Re7 29. Bh5 Red7 30. Ng6+ Kg8 31. Bg4 Rd6 32. Nxf8 Rxf8 33. Bxh6 gxh6 34. Qg6+ Kh8 35. Qxh6+ Kg8 36. Bf5 Qc7 37. Re4 Nf4 38. gxf4 Qg7+ 39. Qxg7+ Kxg7 40. fxe5 fxe5 41. Rg4+ Kh6 42. Be4 Be2 43. Rg3 Rdf6 44. Rg2 Bh5 45. Rc2 Rd8 46. h3 Rd1+ 47. Kh2 Re1 48. Bd3 e4 49. Bc4 Bf3 50. Rg1 Rg6 51. Rxg6+ Kxg6 52. Be6 Kg5 53. Bg4 Rh1+ 54. Kg3 Rg1+ 55. Kh2 Rg2+ 56. Kh1 Rxg4+ 0-1